[Event "Heart of Finland"]
[Site "Jyvaskyla FIN"]
[Date "2010.07.09"]
[Round "7"]
[White "Seeman,T"]
[Black "Pohjala,H"]
[Result "1/2-1/2"]
[WhiteElo "2425"]
[BlackElo "2220"]

1.Nf3 d5 2.g3 Nf6 3.Bg2 c6 4.c4 e6 5.b3 Nbd7 6.Bb2 Be7 7.O-O O-O 8.d3 b5
9.Nbd2 bxc4 10.bxc4 Rb8 11.Qc2 Ba6 12.Rab1 Qa5 13.Nd4 Rfc8 14.Bc3 Qc7 15.Rxb8 Rxb8
16.Rb1 Rxb1+ 17.Qxb1 c5 18.Nb5 Qb6 19.e3 dxc4 20.dxc4 Bb7 21.Bxb7 Qxb7 22.Qd3 a6
23.Nd6 Qc6 24.N6e4 Nxe4 25.Nxe4 f5 26.Nd2 Bf6 27.h3 Bxc3 28.Qxc3 e5 29.f3 Qd6
30.Kg2 g6 31.g4 e4 32.gxf5 gxf5 33.fxe4 Qg6+ 34.Kh2 fxe4 35.Qc2 Qd6+ 36.Kg2 Qg6+
37.Kf2 Qf5+ 38.Ke1 Nf6 39.Qb2 Kf7 40.Qb7+ Kg6 41.Qxa6 Qxh3 42.Nf1 Qg2 43.a4 Qc2
44.a5 Kg5 45.Qb5 Qc1+ 46.Ke2 Qc2+ 47.Ke1 Qc1+ 48.Kf2 Ng4+ 49.Kg1 Nxe3 50.Qxc5+ Nf5
51.Qd5 e3 52.Qg8+ Kf4 53.Qxh7 Qe1 54.Qh2+ Ke4 55.Qg2+ Kd3 56.a6 Nd4 57.a7 Ne2+
58.Kh1 Qh4+ 59.Nh2 Ng3+ 60.Kg1 Ne2+ 61.Kf1 Ng3+ 62.Kg1 Ne2+ 63.Qxe2+ Kxe2
64.a8=Q Qxc4 65.Qf3+ Kd3 66.Nf1 Qe4 67.Qd1+ Kc4 68.Qa4+ Kd3 69.Qb3+ Kd4 70.Qa4+ Kd3
71.Qd1+ Kc4 72.Ng3 Qd3 73.Qg4+ Kc3 74.Qg7+ Kc2 75.Qg4 Kc3  1/2-1/2

[Event "FSIM July"]
[Site "Budapest HUN"]
[Date "2010.07.10"]
[Round "8"]
[White "Berczes,C"]
[Black "Farago,S"]
[Result "1/2-1/2"]
[WhiteElo "2384"]
[BlackElo "2244"]

1.Nf3 d5 2.g3 Nf6 3.Bg2 g6 4.O-O Bg7 5.c4 c6 6.Qb3 O-O 7.d4 dxc4 8.Qxc4 Be6
9.Qc2 Bf5 10.Qb3 Qb6 11.Nc3 Qxb3 12.axb3 Na6 13.Ra4 Nd7 14.h3 Nb6 15.Ra3 Nb4
16.Bg5 Rfe8 17.e4 Be6 18.Rc1 h6 19.Be3 Red8 20.Ne5 Kh7 21.Bf1 f6 22.Nc4 f5
23.Nxb6 axb6 24.d5 cxd5 25.Bxb6 Rxa3 26.Bxd8 Rxb3 27.exd5 Nxd5 28.Bc4 Nxc3
29.Bxb3 Ne2+ 30.Kf1 Nxc1 31.Bxe6 Nd3 32.b3 Nc5 33.Bd5 e6 34.Bc4 b5 35.Bxb5 Nxb3
36.Kg2 Nd4 37.Bc4 e5 38.Bb6 e4 39.Bxd4 Bxd4 40.g4 Kg7 41.gxf5 gxf5 42.f3 e3
43.f4 Kg6 44.Kf3 Kh5 45.Kg3 Kg6 46.Kf3 Bb6 47.Bd3 h5 48.Ke2 h4 49.Kf3 Kf6
50.Ke2 Ke6 51.Kf3 Ba7 52.Ke2 Bc5 53.Kf3 Bb6 54.Ke2 Kd5 55.Bxf5 Kd4 56.Bg4 Ke4
57.f5 Bd4 58.f6 Bxf6 59.Bc8 Kf4 60.Bd7  1/2-1/2

[Event "ZDMI Open"]
[Site "Dresden GER"]
[Date "2010.07.10"]
[Round "1"]
[White "Gutman,L"]
[Black "Zarges,P"]
[Result "1-0"]
[WhiteElo "2425"]
[BlackElo "1840"]

1.Nf3 d5 2.g3 Nf6 3.Bg2 c6 4.O-O Nbd7 5.d4 e6 6.c4 Be7 7.Qc2 O-O 8.Bf4 Nh5
9.Bd2 b6 10.e4 f5 11.exd5 cxd5 12.cxd5 Bb7 13.dxe6 Rc8 14.Nc3 Nb8 15.a3 Bd6
16.Rfe1 Be4 17.Qb3 Nf6 18.Bg5 Nc6 19.Bxf6 Rxf6 20.Nxe4 fxe4 21.Rxe4 Na5 22.Qd3 Nc4
23.Re2 b5 24.Ng5 g6 25.Ne4 Rf5 26.Rd1 Nxb2 27.Rxb2  1-0

[Event "Sparkassen Open"]
[Site "Nettetal GER"]
[Date "2010.07.10"]
[Round "8"]
[White "Backes,J"]
[Black "Stelter,W"]
[Result "0-1"]
[WhiteElo "1749"]
[BlackElo "1738"]

1.Nf3 d5 2.g3 Nf6 3.Bg2 Bf5 4.O-O e6 5.d3 Nbd7 6.Nbd2 e5 7.c4 c6 8.b3 Bd6
9.Bb2 O-O 10.e4 dxe4 11.dxe4 Bg4 12.Qc2 Re8 13.Rfe1 a5 14.a3 Qe7 15.Nf1 g6
16.Ne3 Be6 17.Ng5 Rab8 18.Qd2 Bc7 19.Rad1 Kg7 20.Qc3 Nc5 21.b4 Na4 22.Nxe6+ Qxe6
23.Qc2 Nxb2 24.Qxb2 axb4 25.axb4 Rbd8 26.b5 Ba5 27.Rxd8 Rxd8 28.Ra1 Bb6 29.bxc6 Bxe3
30.cxb7 Bd4 31.Qd2 Qb6 32.Ra8 Rg8  0-1

[Event "38th TCh-GRE DivA"]
[Site "Peristeri GRE"]
[Date "2010.07.10"]
[Round "6"]
[White "Nikolaou,G"]
[Black "Kourousis,E"]
[Result "1-0"]
[WhiteElo "2275"]
[BlackElo "2229"]

1.Nf3 d5 2.g3 c6 3.b3 Bf5 4.Bb2 e6 5.Bg2 Nf6 6.O-O h6 7.d3 Nbd7 8.Nbd2 Be7
9.Re1 Bh7 10.e4 O-O 11.Qe2 a5 12.exd5 cxd5 13.a4 Qb6 14.Nd4 Rac8 15.Rac1 Nc5
16.Nb5 Na6 17.Bd4 Bc5 18.Bxf6 gxf6 19.d4 Bd6 20.c4 Bb4 21.cxd5 Rxc1 22.Rxc1 exd5
23.Bxd5 Bxd2 24.Qxd2 Kg7 25.Qf4 Nb4 26.Qg4+ Bg6 27.Be4 h5 28.Qf3 Qe6 29.Bxg6 Kxg6
30.Rc5 Rh8 31.Nc7 Qg4 32.Qxg4+ hxg4 33.Rxa5 Nc2 34.d5 Nd4 35.d6 Nf3+ 36.Kf1 Rxh2
37.Rd5 Rh1+ 38.Ke2 Re1+ 39.Kd3 Ne5+ 40.Kd2 Nf3+ 41.Kc2 Re2+ 42.Kc3 Ne5 43.Rxe5  1-0

[Event "29th Jacques Lemans Open"]
[Site "St Veit SUI"]
[Date "2010.07.10"]
[Round "1"]
[White "Franz,K"]
[Black "Verhoef,He"]
[Result "1-0"]
[WhiteElo "2222"]
[BlackElo "2054"]

1.Nf3 d5 2.g3 Nd7 3.Bg2 e5 4.d3 c6 5.e4 Ngf6 6.Nbd2 Bd6 7.O-O O-O 8.Nh4 Re8
9.Re1 Qc7 10.Nb3 a5 11.Nf5 a4 12.Nxd6 Qxd6 13.Nd2 b5 14.exd5 cxd5 15.c4 Nc5
16.cxd5 Bg4 17.f3 Qb6 18.Ne4 Nxd5 19.Nxc5 Qxc5+ 20.d4 exd4 21.fxg4 d3+ 22.Kh1 Rxe1+
23.Qxe1 Rd8 24.Bd2 Nf6 25.Rc1 Qd4 26.h3 Qxb2 27.g5 Nh5 28.Kh2 g6 29.Bc3 Qxa2
30.Qe7 Rc8 31.Qe5 f6 32.gxf6 Qf2 33.Qe6+  1-0

[Event "1st Open"]
[Site "Vaujany FRA"]
[Date "2010.07.10"]
[Round "1"]
[White "Vasquez,G"]
[Black "To,N"]
[Result "0-1"]
[WhiteElo "2024"]
[BlackElo "2441"]

1.Nf3 d5 2.g3 c6 3.Bg2 Bg4 4.O-O Nd7 5.d3 Ngf6 6.Qe1 e5 7.e4 dxe4 8.dxe4 Be7
9.Nbd2 O-O 10.b3 Qc7 11.Bb2 b5 12.h3 Bh5 13.g4 Bg6 14.Nh4 Rfe8 15.Nxg6 hxg6
16.Qe2 Nh7 17.Nf3 g5 18.Rac1 Nhf8 19.c4 b4 20.Rfd1 Ne6 21.Rd2 f6 22.h4 gxh4
23.Nxh4 Bc5 24.Rcd1 Bd4 25.Nf5 c5 26.Ne3 Rad8 27.Nd5 Qd6 28.Qf3 Nb6 29.Qg3 Kf7
30.Bc1 Rh8 31.Rd3 g5 32.Ne3 Nf4 33.Nf5 Ne2+  0-1

[Event "ch-SCO"]
[Site "Hamilton SCO"]
[Date "2010.07.11"]
[Round "1"]
[White "Walker,Du"]
[Black "Shaw,J"]
[Result "0-1"]
[WhiteElo "2012"]
[BlackElo "2445"]

1.Nf3 d5 2.g3 Bg4 3.Bg2 Nd7 4.c4 e6 5.cxd5 exd5 6.Qa4 Nf6 7.O-O c6 8.d4 Bd6
9.Nc3 O-O 10.Bg5 Re8 11.Rfe1 Qb6 12.Bc1 h6 13.e3 Bf5 14.Nh4 Bh7 15.Bh3 Rad8
16.Nf5 Bf8 17.g4 c5 18.dxc5 Nxc5 19.Qb5 d4 20.Qxb6 axb6 21.Nb5 Nd3 22.Rd1 Bxf5
23.gxf5 dxe3 24.Bxe3 Bc5 25.Bxc5 bxc5 26.Bg2 Ne4 27.Bxe4 Rxe4 28.Rd2 c4 29.a4 Rd5
30.f3 Re3 31.Rf1 Rxf5 32.Nd6 Rg5+ 33.Kh1 Re1 34.Rxe1 Nxe1 35.Nxc4 Nxf3 36.Rd8+ Kh7
37.Rd1 Rc5 38.b3 f5 39.Rd7 b5 40.axb5 Rxb5 41.Rd3 Ne5 42.Nxe5 Rxe5 43.b4 Re1+
44.Kg2 Rb1 45.Rd4 g5 46.Rc4 Kg6 47.Kg3 Rb3+ 48.Kg2 Kh5 49.Kf2 Rb2+ 50.Kg1 f4
51.Rd4 Kg4 52.Rc4 h5 53.Rd4 h4 54.Rc4 h3 55.Rd4 Rb1+ 56.Kf2 Rh1 57.b5 Rxh2+
58.Kg1 Rb2 59.Rd5 Kh4 60.Rc5 g4  0-1

[Event "Heart of Finland"]
[Site "Jyvaskyla FIN"]
[Date "2010.07.11"]
[Round "9"]
[White "Seeman,T"]
[Black "Kiuttu,R"]
[Result "1-0"]
[WhiteElo "2425"]
[BlackElo "2234"]

1.Nf3 d5 2.g3 Nf6 3.Bg2 g6 4.c4 c6 5.b3 Bg7 6.Bb2 O-O 7.O-O Nbd7 8.Qc2 Re8
9.Nc3 b6 10.d3 Bb7 11.e4 dxe4 12.dxe4 e5 13.Rad1 Qc7 14.b4 Nf8 15.Rfe1 N6d7
16.h4 Ne6 17.b5 Rac8 18.Qb1 Ndc5 19.bxc6 Bxc6 20.Nd5 Qb8 21.Qa1 Nf8 22.h5 Ba4
23.h6 Bh8 24.Rd2 Ncd7 25.Ba3 Bf6 26.Bh3 Bd8 27.Nc3 Rxc4 28.Bf1 Rxc3 29.Qxc3 b5
30.Rc1 Bb6 31.Bd6 Qb7 32.Nxe5 Nxe5 33.Bxe5 b4 34.Qf3  1-0

[Event "29th Jacques Lemans Open"]
[Site "St Veit SUI"]
[Date "2010.07.11"]
[Round "2"]
[White "Ermel,D"]
[Black "Hafner,R"]
[Result "1/2-1/2"]
[WhiteElo "2209"]
[BlackElo "2115"]

1.Nf3 d5 2.g3 Nf6 3.Bg2 Bf5 4.d3 e6 5.O-O h6 6.Nbd2 Be7 7.c4 c6 8.b3 O-O
9.Bb2 Nbd7 10.Re1 Bh7 11.cxd5 cxd5 12.Rc1 Rc8 13.Rxc8 Qxc8 14.Qa1 Qa8 15.Ne5 Nxe5
16.Bxe5 Rc8 17.Nf3 Ne8 18.Rc1 Ba3 19.Bb2 Bxb2 20.Qxb2 Qb8 21.Nd4 Rxc1+ 22.Qxc1 Qc7
23.Qxc7 Nxc7 24.f4 Kf8 25.e4 Ke7 26.Kf2 f6 27.exd5 exd5 28.Ke3 Kd6 29.b4 a6
30.a4 b6 31.Bh3 Bg6 32.Nf5+ Bxf5 33.Bxf5 a5 34.bxa5  1/2-1/2

[Event "1st Open"]
[Site "Vaujany FRA"]
[Date "2010.07.11"]
[Round "2"]
[White "Roos,Dan"]
[Black "Houard,S"]
[Result "1-0"]
[WhiteElo "2414"]
[BlackElo "2117"]

1.Nf3 d5 2.g3 Nf6 3.Bg2 c6 4.d3 Bg4 5.Nbd2 Nbd7 6.O-O e6 7.b3 Bd6 8.Bb2 O-O
9.c4 Qe7 10.Qc2 e5 11.h3 Bxf3 12.Nxf3 Rfe8 13.Rad1 Rad8 14.e3 Nf8 15.a3 a6
16.b4 Bb8 17.Bc3 Ng6 18.e4 Qe6 19.Qe2 h6 20.Nd2 Qd7 21.Nb3 Ba7 22.Rfe1 dxc4
23.dxc4 Qc7 24.c5 Rxd1 25.Rxd1 Rd8 26.Rxd8+ Qxd8 27.Na5 Qc8 28.Nc4 Bb8 29.h4 Qe6
30.Qd3 Qd7 31.Qxd7 Nxd7 32.Na5 Bc7 33.Nxb7 Kf8 34.Bf1 Nb8 35.Nd6 Bxd6 36.cxd6 f6
37.f4 exf4 38.h5 Ne5 39.gxf4 Nf7 40.e5 fxe5 41.fxe5 Ng5 42.Bc4 Nh3+ 43.Kg2 Nf4+
44.Kf3 Nxh5 45.Kg4 g6 46.e6  1-0

[Event "Int ch-SVK OpenA"]
[Site "Banska Stiavnica SVK"]
[Date "2010.07.12"]
[Round "3"]
[White "Petran,Pe"]
[Black "Jurcisin,I"]
[Result "1-0"]
[WhiteElo "2339"]
[BlackElo "2056"]

1.Nf3 d5 2.g3 c5 3.c4 Nf6 4.Bg2 Nc6 5.cxd5 Nxd5 6.Nc3 e5 7.Nxe5 Nxc3 8.Nxc6 Nxd1
9.Nxd8 Nxf2 10.Nxb7 Nxh1 11.Bxh1 Rb8 12.Na5 Rb6 13.b3 Be7 14.Nc4 Ra6 15.Bb2 Bf6
16.Bxf6 Rxf6 17.Bf3 h5 18.Rc1 Ra6 19.a4 Be6 20.Bb7 Bxc4 21.Rxc4 Rb6 22.Bd5 Ke7
23.Rxc5 Rd8 24.Bc4 g6 25.Rc7+ Rd7 26.Rxd7+ Kxd7 27.Bxf7 Ke7 28.Bc4 a5 29.d4 Kf6
30.e4 Rb8 31.Kf2 Ke7 32.h4 Rf8+ 33.Ke3 Kd6 34.e5+ Kc6 35.d5+ Kc5 36.d6 Re8
37.Ke4  1-0

[Event "ZDMI Open"]
[Site "Dresden GER"]
[Date "2010.07.12"]
[Round "3"]
[White "Gutman,L"]
[Black "Dieckmann,D"]
[Result "1-0"]
[WhiteElo "2425"]
[BlackElo "2011"]

1.Nf3 d5 2.g3 Nf6 3.Bg2 c6 4.O-O e6 5.d4 Bd6 6.c4 O-O 7.Qc2 Nbd7 8.Nbd2 Re8
9.Re1 e5 10.dxe5 Nxe5 11.Nxe5 Bxe5 12.Nf3 Bc7 13.cxd5 Qxd5 14.Ng5 Qf5 15.Qb3 Qg6
16.Nf3 Bb6 17.Bf4 Be6 18.Qa3 Bd5 19.Rad1 Ng4 20.e3 Qh5 21.h4 Nxe3 22.Bxe3 Bxf3
23.Rd7 Bxg2 24.Kxg2 Rad8 25.Bxb6 axb6 26.Qe7  1-0

[Event "ZDMI Open"]
[Site "Dresden GER"]
[Date "2010.07.12"]
[Round "3"]
[White "Ulvnes,R"]
[Black "Bannink,B"]
[Result "1-0"]
[WhiteElo "1992"]
[BlackElo "2270"]

1.Nf3 d5 2.g3 Nf6 3.Bg2 c6 4.O-O Bf5 5.d3 Nbd7 6.Nbd2 e5 7.c4 Bc5 8.cxd5 cxd5
9.Nb3 Bb6 10.d4 e4 11.Nh4 Be6 12.f4 exf3 13.exf3 O-O 14.Re1 Re8 15.Be3 h6
16.Qd3 Rc8 17.Rac1 Rxc1 18.Bxc1 g5 19.Ng6 Kg7 20.Ne5 Nxe5 21.Rxe5 Nd7 22.Re2 Qf6
23.Be3 Rc8 24.Qb5 a6 25.Qb4 Rc4 26.Qe1 Nb8 27.Na5 Bxa5 28.Qxa5 Nc6 29.Qb6 Nxd4
30.Rf2 Nf5 31.Bd2 Bc8 32.Qb3 Rc5 33.f4 Rb5 34.fxg5 hxg5 35.Qc2 Qc6 36.Bc3+ Kf8
37.Rxf5 Bxf5 38.Qxf5 Qc5+ 39.Qf2 Qxf2+ 40.Kxf2 Ke7 41.a4 Rb6 42.Bxd5 Rh6
43.Bxb7 Rxh2+ 44.Kg1 Rh6 45.a5 Kd7 46.g4 Kc7 47.Bd5 Rh4 48.Bf3 Rh6 49.Kf2 Re6
50.Bd5 Re8 51.Kf3 f6 52.Bc4 Kb7 53.Bd3 Rd8 54.Bf5 Rd6 55.Ke4 Kc6 56.Bg6 Kd7
57.Kf5 Rc6 58.Bxf6 Rc5+ 59.Ke4 Rxa5 60.Bf5+ Ke8 61.Bxg5 Kf7 62.Be3 Ra1 63.g5 Re1
64.Bh7 Kg7 65.Bf5 a5 66.Kd3 Rd1+ 67.Kc4 a4 68.Bd4+ Kg8 69.g6 Re1 70.Kd5 Kf8
71.Be6 Ke7 72.g7 a3 73.g8=Q  1-0

[Event "85th ch-ARG"]
[Site "Buenos Aires ARG"]
[Date "2010.07.13"]
[Round "8"]
[White "Sanhueza,C"]
[Black "Barrionuevo,P"]
[Result "1/2-1/2"]
[WhiteElo "2199"]
[BlackElo "2337"]

1.Nf3 d5 2.g3 c5 3.Bg2 Nc6 4.O-O e6 5.c4 Nf6 6.cxd5 exd5 7.d4 Be7 8.Nc3 O-O
9.dxc5 Bxc5 10.Bg5 d4 11.Bxf6 Qxf6 12.Nd5 Qd8 13.Nd2 Re8 14.Rc1 Bf8 15.Nb3 Re5
16.Nf4 g5 17.Nd3 Re7 18.Qd2 h6 19.Nbc5 Qe8 20.Rfe1 Bg7 21.b4 Nd8 22.h4 Bf6
23.Bf3 Rb8 24.Nb3 b6 25.hxg5 hxg5 26.Nb2 Ne6 27.Qd3 Bb7 28.Bxb7 Rbxb7 29.Kg2 Rbd7
30.Rh1 Nf8 31.Qf5 Bg7 32.Nd3 Rxe2 33.Rhe1 Qa8+ 34.Kg1 Rxa2 35.Qxg5 Ra3 36.Rb1 Ne6
37.Qg4 Qd5 38.Ne5 Rc7 39.Nc1 d3 40.Ncxd3 Rxd3 41.Nxd3 Qxd3 42.Rbd1 Qc2 43.Rd5 Qc4
44.Rd8+ Nxd8 45.Re8+ Kh7 46.Qh5+ Bh6 47.Rh8+ Kxh8 48.Qxh6+  1/2-1/2

[Event "ZDMI Open"]
[Site "Dresden GER"]
[Date "2010.07.13"]
[Round "4"]
[White "Kiessling,A"]
[Black "Boehme Ziska,C"]
[Result "1-0"]
[WhiteElo "2019"]
[BlackElo "1711"]

1.Nf3 d5 2.g3 c5 3.Bg2 Nc6 4.O-O e5 5.d3 f6 6.Nbd2 Be6 7.e4 d4 8.Ne1 Qd7
9.f4 O-O-O 10.f5 Bf7 11.a3 Kb8 12.Ndf3 Bd6 13.Bd2 Nge7 14.Nh4 Nc8 15.Rf2 Rhf8
16.Bf1 Rfe8 17.Kh1 Re7 18.c4 Qe8 19.Nc2 b6 20.b4 cxb4 21.axb4 Rb7 22.Qb1 N6e7
23.Na3 Ng8 24.Bc1 g6 25.Rb2 Rdd7 26.Be2 Qe7 27.Bd1 a5 28.Bd2 axb4 29.Nb5 Bc5
30.Bxb4 Bxb4 31.Rxb4 Nd6 32.Rba4 Nxb5 33.Ra8+ Kc7 34.cxb5 Qc5 35.Qb2 Kd6
36.Rc1 Qxc1 37.Qxc1 Rdc7 38.Qa3+ Rc5 39.Bb3  1-0

[Event "Open A"]
[Site "Oberwart AUT"]
[Date "2010.07.13"]
[Round "1"]
[White "Moser,E"]
[Black "Hofbauer,P"]
[Result "1-0"]
[WhiteElo "2440"]
[BlackElo "2062"]

1.g3 d5 2.Nf3 Nf6 3.Bg2 c5 4.O-O Nc6 5.d4 e6 6.b3 Be7 7.Bb2 b6 8.c4 O-O 9.cxd5 exd5
10.dxc5 bxc5 11.Nc3 Bb7 12.Rc1 Qa5 13.Nxd5 Nxd5 14.Qxd5 Rad8 15.Qh5 Qxa2
16.Rb1 Qa6 17.e3 Nb4 18.Ng5 Bxg5 19.Qxg5 f6 20.Qxc5 Bxg2 21.Kxg2 Qb7+ 22.Kg1 Rc8
23.Qf5 Rfd8 24.Rfd1 Qf7 25.Bd4 Nc6 26.h4 Rb8 27.Qc2 Rdc8 28.Rdc1 Ne7 29.Bc5 Ng6
30.b4 Ne5 31.Qe4 Rd8 32.Rd1 a5 33.Bd6 Qh5 34.Rd5 Rxd6 35.Rxd6 Nf3+ 36.Kg2 Ne5
37.bxa5 Rxb1 38.Qxb1 Qf3+ 39.Kg1 Qa8 40.Qa2+ Nf7 41.Rd7  1-0

[Event "5th Nana Aleksandria Cup"]
[Site "Poti GEO"]
[Date "2010.07.13"]
[Round "3"]
[White "Benidze,D"]
[Black "Guramishvili,S"]
[Result "1/2-1/2"]
[WhiteElo "2508"]
[BlackElo "2298"]

1.Nf3 d5 2.g3 Bg4 3.Bg2 Nd7 4.O-O e6 5.b3 Be7 6.Bb2 Ngf6 7.d3 O-O 8.Nbd2 c5
9.e4 d4 10.h3 Bh5 11.Qe2 e5 12.c3 Ne8 13.cxd4 cxd4 14.g4 Bg6 15.Nc4 f6 16.Nh4 b5
17.Nd2 Nc7 18.f4 exf4 19.Rxf4 Ne6 20.Rff1 Ne5 21.Nf5 Bb4 22.Rad1 Rc8 23.Nb1 Rf7
24.Qf2 Rd7 25.Kh2 a5 26.Na3 Rdc7 27.Qg3 Bxa3 28.Bxa3 b4 29.Bc1 Rc5 30.h4 Qc7
31.g5 fxg5 32.Bxg5 Nxg5 33.Qxg5 Bxf5 34.exf5 Nf7+ 35.Qf4 Rxf5 36.Qxc7 Kh8
37.Qe7  1/2-1/2

[Event "Aegean Open"]
[Site "Agios Kirykos GRE"]
[Date "2010.07.14"]
[Round "2"]
[White "Dounis,A"]
[Black "Spiliadis,Athanasios"]
[Result "1/2-1/2"]
[WhiteElo "2235"]
[BlackElo "1807"]

1.Nf3 d5 2.g3 Nf6 3.Bg2 Nbd7 4.d4 e6 5.O-O Bd6 6.c4 c6 7.Nc3 O-O 8.Qd3 Re8
9.Rd1 Qe7 10.h3 e5 11.dxe5 Nxe5 12.Nxe5 Bxe5 13.cxd5 Bxc3 14.bxc3 Nxd5 15.c4 Nf6
16.e3 Be6 17.Ba3 Qd8 18.Qc3 Qc8 19.Kh2 Bf5 20.Bb2 Qe6 21.Rd4 Rad8 22.Rad1 Rxd4
23.Rxd4 c5 24.Rd5 b6 25.g4 Be4 26.Bxe4 Qxe4 27.g5 Nh5 28.a4 Qf3 29.Qd2 h6
30.gxh6 Nf4 31.Rg5 Qxh3+ 32.Kg1 Ne6 33.Rg3 Qxh6 34.Qd7 Rd8 35.Bxg7 Rxd7 36.Bxh6+ Kh7
37.Rh3 Kg6  1/2-1/2

[Event "Int ch-SVK OpenA"]
[Site "Banska Stiavnica SVK"]
[Date "2010.07.14"]
[Round "5"]
[White "Petran,Pe"]
[Black "Mazur,S"]
[Result "1-0"]
[WhiteElo "2339"]
[BlackElo "2419"]

1.Nf3 d5 2.g3 c6 3.d3 Bg4 4.Nbd2 Nd7 5.Bg2 e6 6.b3 Ngf6 7.Bb2 Bc5 8.O-O O-O
9.c4 h6 10.a3 a5 11.Ra2 Re8 12.Qa1 Bf8 13.Re1 Bh5 14.Bc3 Qc7 15.Ne5 Nxe5
16.Bxe5 Qd8 17.h3 Nd7 18.Bc3 Nc5 19.d4 Nd7 20.e4 dxc4 21.bxc4 b5 22.f4 f6
23.g4 Bg6 24.e5 b4 25.axb4 axb4 26.Bb2 fxe5 27.fxe5 Rxa2 28.Qxa2 Qb6 29.Kh1 Kh8
30.c5 Qb5 31.Qb3 h5 32.Ne4 Be7 33.Qxe6 Nf8 34.Qb3 Bxe4 35.Bxe4 Bh4 36.Bd3 Qb7
37.Rf1 Ra8 38.gxh5 Qd7 39.Bf5 Qd8 40.Qf3 Be7 41.h6 g6 42.Be4 Qc8 43.e6 Ra2
44.Qf7 Nxe6 45.Qxe7 Rxb2 46.Qf6+  1-0

[Event "5th Nana Aleksandria Cup"]
[Site "Poti GEO"]
[Date "2010.07.14"]
[Round "4"]
[White "Azaladze,S"]
[Black "Nigalidze,G"]
[Result "1/2-1/2"]
[WhiteElo "2443"]
[BlackElo "2478"]

1.Nf3 d5 2.g3 Nc6 3.c4 d4 4.Bg2 e5 5.d3 a5 6.O-O h6 7.e3 Nf6 8.exd4 exd4
9.Na3 Be6 10.Nb5 Bc5 11.Bf4 Rc8 12.Re1 O-O 13.Ne5 g5 14.Bd2 Nxe5 15.Rxe5 Nd7
16.Rxe6 fxe6 17.Bxb7 Rb8 18.Be4 Qf6 19.Qe2 e5 20.Bxa5 c6 21.b4 cxb5 22.bxc5 Nxc5
23.Bd5+ Kg7 24.Bb4 Rfc8 25.a3 bxc4 26.Bxc4 e4 27.dxe4 Nxe4 28.Qxe4 Rxc4 29.Be7 Qb6
30.Qe5+ Kh7 31.Bf6 Kg6 32.Be7 Rbc8 33.Re1 Rc1 34.Qe4+ Kg7 35.Bb4 Qf6 36.Kg2 Rxe1
37.Qxe1 g4 38.h3 gxh3+ 39.Kxh3 d3 40.Qe4 Rd8 41.Bd2 Rd4 42.Qe3 Kf7 43.Kg2 h5
44.f3 Rd5 45.Qe4 Qe6 46.Kf2 Ke7 47.Qb4+ Kd7 48.Qb7+ Ke8 49.Qb8+ Ke7 50.Qb4+ Qd6
51.Qb7+ Qd7 52.Qb4+ Qd6 53.Qb7+ Ke6 54.Qc8+ Qd7 55.Qg8+ Kd6 56.Qb8+ Kc6 57.Qa8+ Qb7
58.Qe8+ Kc5 59.a4 Kc4 60.a5 Kb3 61.Qe1 Ka2 62.Qe4 Qb5 63.f4 Kb2 64.a6 Rd7
65.a7 Rxa7 66.Qd4+ Kc2 67.Qxa7 Kxd2 68.Qa2+ Kc3 69.Ke1 Qb6 70.Qa1+ Kc4 71.Qa2+ Kc3
72.Qa1+ Kc4 73.Qa2+  1/2-1/2

[Event "Int ch-SVK OpenA"]
[Site "Banska Stiavnica SVK"]
[Date "2010.07.15"]
[Round "6"]
[White "Kochetkova,J"]
[Black "Mazur,S"]
[Result "1/2-1/2"]
[WhiteElo "2302"]
[BlackElo "2419"]

1.Nf3 d5 2.g3 Bg4 3.Bg2 Nd7 4.O-O e6 5.d3 Bd6 6.Nbd2 c6 7.h3 Bh5 8.e4 Ne7
9.b3 O-O 10.Bb2 f6 11.Qe1 e5 12.d4 Qc7 13.exd5 cxd5 14.dxe5 fxe5 15.c4 Bb4
16.Ng5 Qa5 17.Bc1 Bc3 18.b4 Qxb4 19.a3 Qd6 20.Nde4 Bxe1 21.Nxd6 Bc3 22.Rb1 Rf6
23.Nb5 Ba5 24.cxd5 Be2 25.d6 Nf5 26.Bd5+ Kh8 27.Nf7+ Rxf7 28.Bxf7 Bxf1 29.Kxf1 Rf8
30.Be6 Nxg3+ 31.Kg2 Ne4 32.Be3 Nec5 33.Bxd7 Nxd7 34.Nxa7 Rb8 35.Rc1 Kg8 36.Rc7 Nf6
37.Rc5 Bb6 38.Rxe5 Bxa7 39.Bxa7 Ra8 40.Bd4 Rxa3 41.Re7 Kf8 42.Rxb7 Rd3 43.Bc5 Kg8
44.Ra7 h6 45.h4 Kh7 46.Ra4 Rd5 47.Ba3 Kg6 48.Ra7 Rd3 49.Ra6 Kf5 50.Bb2 Nh5
51.Bc1 Nf6 52.Be3 Ne4 53.Ra7 Kg6 54.Bf4 Kf5 55.Rf7+ Nf6 56.Bg3 g5 57.hxg5 hxg5
58.Re7 Nh5 59.Bh2 Nf4+ 60.Bxf4 gxf4 61.d7 Kf6 62.Rh7 Ke5  1/2-1/2

[Event "ZDMI Open"]
[Site "Dresden GER"]
[Date "2010.07.15"]
[Round "6"]
[White "Noordhoek,H"]
[Black "Stark,S"]
[Result "1/2-1/2"]
[WhiteElo "2107"]
[BlackElo "1858"]

1.Nf3 d5 2.g3 Nf6 3.Bg2 Nbd7 4.d4 e6 5.O-O Be7 6.b3 O-O 7.Bb2 b5 8.Nfd2 Rb8
9.e3 c5 10.dxc5 Bxc5 11.Nc3 a5 12.Nf3 Qb6 13.Ne2 Ba6 14.Nf4 Rbc8 15.Nd3 b4
16.Re1 Rfd8  1/2-1/2

[Event "Corporation Centre Cup"]
[Site "Izhevsk RUS"]
[Date "2010.07.15"]
[Round "1"]
[White "Lykov,S"]
[Black "Geller,J"]
[Result "0-1"]
[WhiteElo "2223"]
[BlackElo "2539"]

1.Nf3 d5 2.g3 Nf6 3.Bg2 Bf5 4.O-O e6 5.d3 Be7 6.Nbd2 h6 7.b3 O-O 8.Bb2 Bh7
9.Qe1 c5 10.e4 Nc6 11.Qe2 b5 12.a4 Nb4 13.Ne1 bxa4 14.Rxa4 a5 15.c3 Nc6 16.Nc2 Rb8
17.Ra2 Re8 18.Re1 Qb6 19.Ne3 Red8 20.exd5 exd5 21.Bh3 Re8 22.Raa1 Bf8 23.Qf1 Bg6
24.Bf5 Bh5 25.g4 Bg6 26.Qg2 Bxf5 27.gxf5 Ne5 28.Qf1 Qa6 29.Nxd5 Nxd5 30.c4 Qf6
31.Bxe5 Rxe5 32.cxd5 Rxd5 33.Rxa5 Qg5+  0-1

[Event "4th LCT"]
[Site "Leiden NED"]
[Date "2010.07.15"]
[Round "6"]
[White "Nikolic,Pr"]
[Black "Rijnaarts,S"]
[Result "1-0"]
[WhiteElo "2592"]
[BlackElo "2264"]

1.Nf3 d5 2.g3 Nf6 3.Bg2 c6 4.O-O Bf5 5.d3 h6 6.c4 dxc4 7.dxc4 Qxd1 8.Rxd1 Nbd7
9.b4 e5 10.b5 O-O-O 11.bxc6 bxc6 12.Bb2 Bc5 13.Nbd2 Bc2 14.Rdc1 Bh7 15.Nb3 Bb6
16.Bh3 Kb7 17.Nxe5 Nxe5 18.Bxe5 Ne4 19.c5 Bc7 20.Bxc7 Kxc7 21.Rc4 Rhe8 22.Bg2 Nd2
23.Ra4 Rxe2 24.Nd4 Rxd4 25.Rxd4 Nb1 26.Rd1 Rb2 27.Rd6 Re2 28.Kf1 Re5 29.Rxc6+ Kb8
30.h4 f6 31.a4 g5 32.Ra2  1-0

[Event "5th Nana Aleksandria Cup"]
[Site "Poti GEO"]
[Date "2010.07.15"]
[Round "5"]
[White "Benidze,D"]
[Black "Mikadze,M"]
[Result "1/2-1/2"]
[WhiteElo "2508"]
[BlackElo "2360"]

1.Nf3 d5 2.g3 Nf6 3.Bg2 g6 4.O-O Bg7 5.d3 O-O 6.Nbd2 Nc6 7.e4 e5 8.c3 a5
9.Qc2 dxe4 10.dxe4 b6 11.Rd1 Ba6 12.Nf1 Qe7 13.Bg5 h6 14.Bxf6 Bxf6 15.Ne3 Qe6
16.Nd5 Bd8 17.h4 Ne7 18.h5 Nxd5 19.exd5 Qd6 20.hxg6 f5 21.Re1 e4 22.Nd4 Qxg6
23.Rad1 Rf6 24.d6 Bc8 25.dxc7 Bxc7 26.Nb5 Be5 27.f4 Bd6 28.Nxd6 Rxd6 29.Qb3+ Kg7
30.c4 Ra7 31.Qc3+ Kh7 32.c5 Rc6 33.Rd6 Rxc5 34.Qh8+ Kxh8 35.Rxg6 Kh7 36.Rxb6 Rd7
37.Re2 Rd1+ 38.Kf2 Bd7 39.b4 axb4 40.Rxb4 Rc3 41.Rbb2 Bc6 42.Re3 Rdd3 43.Rxd3 exd3
44.Bh3 Be4 45.Rd2 Rc1 46.Bf1 Ra1 47.Bg2 Kg6 48.Bf3 Kf6 49.Bd1 Rc1 50.Ke3 Kg6
51.Kd4 Rc2 52.Ke3 Rc1 53.a4 Kf6 54.g4 Rc4 55.a5 Rc1 56.gxf5 Bxf5 57.Bb3 Re1+
58.Kd4 Ra1 59.Rh2 Rxa5 60.Rxh6+ Kg7 61.Rd6 Ra3 62.Kc3 Ra1 63.Kd2 Ra7 64.Rd8 Re7
65.Rg8+ Kf6 66.Rf8+ Kg6 67.Ba4 Bd7 68.Bd1 Re8  1/2-1/2

[Event "Canadian Open"]
[Site "Toronto CAN"]
[Date "2010.07.15"]
[Round "6"]
[White "Karlow,Nick"]
[Black "Betaneli,A"]
[Result "0-1"]
[WhiteElo "2012"]
[BlackElo "2271"]

1.Nf3 d5 2.g3 c6 3.Bg2 Bg4 4.c4 e6 5.O-O Nd7 6.Qb3 Qb6 7.d4 Ngf6 8.Nc3 Be7
9.Bf4 O-O 10.Rfe1 Bf5 11.Rac1 Ne4 12.Ne5 Nxe5 13.Bxe5 Qxb3 14.axb3 Nd2 15.cxd5 exd5
16.e4 dxe4 17.Nxe4 Nxb3 18.Rcd1 Be6 19.Nc3 Bb4 20.Re3 Bg4 21.Rf1 Nd2 22.Ra1 f6
23.Rd3 Nb3 24.Ra4 Nc1 25.Re3 Bxc3 26.bxc3 fxe5 27.dxe5 Be6 28.c4 Rad8  0-1

[Event "Aegean Open"]
[Site "Agios Kirykos GRE"]
[Date "2010.07.16"]
[Round "4"]
[White "Dounis,A"]
[Black "Finokaliotis,G"]
[Result "1-0"]
[WhiteElo "2235"]
[BlackElo "1927"]

1.Nf3 d5 2.g3 Nf6 3.Bg2 g6 4.O-O Bg7 5.d4 O-O 6.c4 dxc4 7.Ne5 Nbd7 8.Nxc4 c5
9.Nc3 Nb6 10.Nxb6 axb6 11.dxc5 bxc5 12.Qxd8 Rxd8 13.Be3 Be6 14.Rad1 Nd7 15.Bxb7 Rab8
16.Bd5 Bh3 17.Bg2 Bxg2 18.Kxg2 Rxb2 19.Na4 Rbb8 20.Nxc5 Nxc5 21.Rxd8+ Rxd8
22.Bxc5 Rd2 23.a4 Rxe2 24.Rd1 Bc3 25.Rd8+ Kg7 26.Ra8 Re5 27.Bb6 Rd5 28.a5 Bd4
29.Rd8 Rxd8 30.Bxd8 Kf6 31.Bb6 Be5 32.a6 Bb8 33.Kf3 Kf5 34.a7 Bxa7 35.Bxa7 h5
36.h3 g5 37.Ke3 h4 38.gxh4 gxh4 39.Bc5 e5 40.Be7 f6 41.Kf3 Kg5 42.Bxf6+ Kxf6
43.Kg4 Kg6 44.Kxh4 Kf5 45.Kg3 Kg5 46.Kf3 Kf5 47.h4  1-0

[Event "Int ch-SVK OpenA"]
[Site "Banska Stiavnica SVK"]
[Date "2010.07.16"]
[Round "7"]
[White "Kochetkova,J"]
[Black "Luch,M"]
[Result "1/2-1/2"]
[WhiteElo "2302"]
[BlackElo "2387"]

1.Nf3 d5 2.g3 Nf6 3.Bg2 g6 4.O-O Bg7 5.d3 O-O 6.Nbd2 Nc6 7.e4 e5 8.c3 a5
9.a4 b6 10.exd5 Nxd5 11.Nc4 Bb7 12.Qb3 Qd7 13.Bd2 Rfe8 14.Rad1 Nd8 15.Rfe1 f6
16.Bc1 Bc6 17.Nfxe5 fxe5 18.Ne3 Ne6 19.Bxd5 Bxa4 20.Qc4 Rad8 21.b3 Bb5 22.Qh4 Kh8
23.Ba3 Nd4 24.Be4 Nf5 25.Qg4 Bf8 26.Bxf8 Rxf8 27.Nc4 Rde8  1/2-1/2

[Event "Open A"]
[Site "Oberwart AUT"]
[Date "2010.07.16"]
[Round "4"]
[White "Varga,Me"]
[Black "Kessler,L"]
[Result "1/2-1/2"]
[WhiteElo "1883"]
[BlackElo "2097"]

1.Nf3 d5 2.g3 c6 3.Bg2 Bg4 4.c4 e6 5.d4 Nd7 6.cxd5 exd5 7.O-O Bd6 8.Nc3 Ngf6
9.Bg5 O-O 10.Qd2 h6 11.Bf4 Qe7 12.Bxd6 Qxd6 13.Qc2 Qe6 14.Nd2 Bf5 15.Qb3 Rab8
16.e4 dxe4 17.Qxe6 Bxe6 18.Ndxe4 Nxe4 19.Nxe4 Bd5 20.Nc5 Bxg2 21.Nxd7 Bxf1
22.Kxf1 Rbd8 23.Nxf8 Kxf8 24.Rd1 c5 25.Ke2 cxd4 26.Kd3 Rd6 27.Rc1 Rb6  1/2-1/2